Prueba del Atlético de Madrid - Estadísticas

Estadísticas generales
  • Esta prueba ha sido intentada 2.006 veces
    1.807 desde el último reinicio
  • La puntuación promedio es 13 de 20
Estadísticas de respuestas
Pregunta Respuesta % Correcto
¿Contra qué equipo juega el derbi madrileño? Real Madrid
93%
¿Cómo se llama su estadio actual? Estadio Metropolitano
92%
¿Cuál es el último año en qué fue subcampeón de la Liga de Campeones? 2016
87%
¿Quién jugó como rojiblanco durante 5 temporadas y en 2011 llegó a ser entrenador? Diego Simeone
87%
¿Cuál es la grita de guerra del Atlético que apareció en su primer himno? {Atleti}!
80%
¿Quién es el máximo goleador de la historia del club? Antoine Griezmann
77%
¿Qué apodo viene de la tela de sus jerseys iniciales? Colchoneros
73%
¿Quién ha sido presidente del club por la mayoría del siglo XXI? Enrique Cerezo
73%
¿Qué clubes ha ganado en el final de la Liga Europa de la UEFA? Athletic Club
72%
¿Cuál es la grita de guerra del Atlético que apareció en su primer himno? ¡{Aúpa}
70%
¿Quién es el jugador con más partidos disputados? Koke Resurrección
70%
¿Qué tipo de árbol se encuentra en el escudo? Madroño
61%
¿Cuál es la próxima palabra en esta frase de su himno más popular? Yo me voy al {Manzanares}
59%
¿Qué significa S. A. D.? Sociedad anónima deportiva
56%
¿Cómo se llama la mascota del club? Indi
52%
¿Qué clubes ha ganado en el final de la Liga Europa de la UEFA? Olympique de Marsella
44%
¿Qué animal es? Mapache
43%
En 1939 el club cambió su nombre porque hubo un acuerdo ¿con qué club? Club Aviación Nacional
37%
¿En qué distrito se ubica ese estadio? San Blas-Canillejas
34%
¿Qué clubes ha ganado en el final de la Liga Europa de la UEFA? Fulham F. C.
32%
No se encontraron pruebas coincidentes
Distribución de puntuación
Porcentaje de gente con cada puntuación
Porcentaje por número respondido
Historial de tus puntuaciones
No has intentado esta prueba desde el último reinicio